| 000 | 00399nam a2200157Ia 4500 | ||
|---|---|---|---|
| 005 | 20240823065855.0 | ||
| 008 | 240823s9999||||xx |||||||||||||| ||und|| | ||
| 041 | _aENGLISH | ||
| 082 | _A658.477 Q7 | ||
| 100 | _a"Shibin Tad,M.C" | ||
| 245 | 0 | _aCommunity Resilience in Disaster Management | |
| 260 | _c2017 | ||
| 500 | _aYES | ||
| 650 |
_aDisaster Management _bManagement Studies |
||
| 942 | _cTH | ||
| 999 |
_c244402 _d244402 |
||